Rodin / (Record no. 195751)

MARC details
000 -LEADER
campo de control de longitud fija 01020nam a2200325 i 4500
001 - NÚMERO DE CONTROL
campo de control 195751
003 - IDENTIFICADOR DE NÚMERO DE CONTROL
campo de control ES-MaACL
005 - FECHA Y HORA DE LA ÚLTIMA TRANSACCIÓN
campo de control 20250825062741.0
008 - DATOS DE LONGITUD FIJA--INFORMACIÓN GENERAL
campo de control de longitud fija 250212s1988 fr r 000 fre d
020 ## - NÚMERO INTERNACIONAL ESTÁNDAR DEL LIBRO
Número Internacional Estándar del Libro 8432028746
035 ## - NÚMERO DE CONTROL DEL SISTEMA
Número de control de sistema Rebiun13218059
040 ## - FUENTE DE CATALOGACIÓN
Centro catalogador/agencia de origen USA.SABUS.
Centro/agencia modificador UEX.FILOSO
Centro/agencia transcriptor ES-MaACL
080 ## - NÚMERO DE LA CLASIFICACIÓN DECIMAL UNIVERSAL
Número de la Clasificación Decimal Universal 73Rodin
100 0# - ENTRADA PRINCIPAL--NOMBRE DE PERSONA
Nombre de persona Laurent, Monique
9 (RLIN) 70636
245 10 - MENCIÓN DEL TÍTULO
Título Rodin /
Mención de responsabilidad, etc. Monique Laurent.
260 ## - PUBLICACIÓN, DISTRIBUCIÓN, ETC.
Lugar de publicación, distribución, etc. [Paris] :
Nombre del editor, distribuidor, etc. Chene-Hachette,
Fecha de publicación, distribución, etc. cop.1988
300 ## - DESCRIPCIÓN FÍSICA
Extensión 159 p. :
Otras características físicas il. ;
Dimensiones 34 cm
490 1# - MENCIÓN DE SERIE
Mención de serie Profils de l'art
504 ## - NOTA DE BIBLIOGRAFÍA, ETC.
Nota de bibliografía, etc. Bibliografía: p. [160]
504 ## - NOTA DE BIBLIOGRAFÍA, ETC.
Nota de bibliografía, etc. Índice
600 14 - PUNTO DE ACCESO ADICIONAL DE MATERIA--NOMBRE DE PERSONA
Nombre de persona Rodin, Auguste
9 (RLIN) 98144
655 #0 - TERMINO DE INDIZACIÓN--GENERO/FORMA
Datos o término principal de género/forma Biografías
9 (RLIN) 176647
830 ## - PUNTO DE ACCESO ADICIONAL DE SERIE-TÍTULO UNIFORME
Título uniforme Profils de l'art
9 (RLIN) 239600
852 ## - LOCALIZACIÓN
Ubicación Es-MaACL
Ubicación en estantería Depósito J
Número de control de estantería N-8758
Donativo/Legado Donación: Carlos D'Ors
itemnumber 204606
Sublocalización o colección R.153056
903 ## - NOMBRE PERSONAL DE DONANTE
9 87369
a Ors Führer, Carlos d'
e Donante
942 ## - ELEMENTOS DE ENTRADA SECUNDARIOS (KOHA)
Tipo de ítem Koha Libro impreso
Holdings
Estatus retirado Estado de pérdida Fuente del sistema de clasificación o colocación Estado de daño No para préstamo Biblioteca de origen Biblioteca actual Ubicación en estantería Fecha de adquisición Fuente de adquisición Total de préstamos Signatura topográfica completa Código de barras Visto por última vez Precio de reemplazo Tipo de ítem Koha
    Clasificación decimal universal     Biblioteca del Ateneo de Madrid Biblioteca del Ateneo de Madrid Depósito J 12/02/2025 Donación   N-8758 101229422 12/02/2025 12/02/2025 Libro impreso